书目信息 |
| 题名: |
一颗莲子的生命旅程
|
|
| 作者: | 陈莹婷 著 ;花青 绘 | |
| 分册: | ||
| 出版信息: | 北京 北京联合出版公司 2021.03 |
|
| 页数: | 33页 | |
| 开本: | 25cm | |
| 丛书名: | ||
| 单 册: | ||
| 中图分类: | ||
| 科图分类: | ||
| 主题词: | 莲--儿童读物 , 观赏园艺 , 花卉 , 园林树木 | |
| 电子资源: | ||
| ISBN: | 978-7-5596-4989-8 | |
| 000 | 01321nam0 2200301 450 | |
| 001 | 2354986498 | |
| 005 | 20231123071817.08 | |
| 010 | @a978-7-5596-4989-8@b精装@dCNY52.00 | |
| 100 | @a20210608d2021 bemy0chiy50 ea | |
| 101 | 0 | @achi |
| 102 | @aCN@b110000 | |
| 105 | @aa z 000yy | |
| 106 | @ar | |
| 200 | 1 | @a一颗莲子的生命旅程@f陈莹婷著@g花青绘 |
| 210 | @a北京@c北京联合出版公司@d2021.03 | |
| 215 | @a33页@c彩图@d25cm | |
| 300 | @a浪花朵朵 北京市科学技术协会科普创作出版资金资助 | |
| 330 | @a本书讲述了一颗莲子入泥后的生命过程: 秋天一颗莲子落入了泥土里 ; 春天莲子发芽了, 抽出了藕鞭, 长出了叶子 ; 初夏时节花芽长了出来, 吸收养分后长成了花苞, 绽开了花朵。花开三四天后就会凋谢, 小蜜蜂赶忙来传粉 ; 秋天, 果实成熟了, 莲子掉落在水里, 入泥。正文用生动活泼的语言讲述了四季中的莲。书中以小字的形式介绍了莲的知识, 如莲的根、叶鞘、芽鞘、胚珠、子房等 ; 并对莲的一些特性进行了解释, 如莲花的花冠日出时打开、日落时收合的原因, 莲叶为什么能“聚水成珠”等。本书以国画的形式描绘出了莲在不同阶段的美好姿态。正文后附文“察莲说”, 系统讲述莲文化和莲的科学知识。 | |
| 606 | 0 | @a莲@j儿童读物 |
| 606 | 0 | @a观赏园艺 |
| 606 | 0 | @a花卉 |
| 606 | 0 | @a园林树木 |
| 690 | @a@v5 | |
| 690 | @aS682.32@v4 | |
| 701 | 0 | @a陈莹婷@4著 |
| 702 | 0 | @a花青@4绘 |
| 801 | 0 | @aCN@b安徽时代出版发行有限公司@c20210608 |
| 905 | @dS682.32@e724 | |
| 一颗莲子的生命旅程/陈莹婷著/花青绘.-北京:北京联合出版公司,2021.03 |
| 33页:彩图;25cm |
| 浪花朵朵 北京市科学技术协会科普创作出版资金资助 |
| ISBN 978-7-5596-4989-8(精装):CNY52.00 |
| 本书讲述了一颗莲子入泥后的生命过程: 秋天一颗莲子落入了泥土里 ; 春天莲子发芽了, 抽出了藕鞭, 长出了叶子 ; 初夏时节花芽长了出来, 吸收养分后长成了花苞, 绽开了花朵。花开三四天后就会凋谢, 小蜜蜂赶忙来传粉 ; 秋天, 果实成熟了, 莲子掉落在水里, 入泥。正文用生动活泼的语言讲述了四季中的莲。书中以小字的形式介绍了莲的知识, 如莲的根、叶鞘、芽鞘、胚珠、子房等 ; 并对莲的一些特性进行了解释, 如莲花的花冠日出时打开、日落时收合的原因, 莲叶为什么能“聚水成珠”等。本书以国画的形式描绘出了莲在不同阶段的美好姿态。正文后附文“察莲说”, 系统讲述莲文化和莲的科学知识。 |
| ● |
| 相关链接 |
|
|
|
|
正题名:一颗莲子的生命旅程
索取号:S682.32/724
 
预约/预借
| 序号 | 登录号 | 条形码 | 馆藏地/架位号 | 状态 | 备注 |
| 1 | 1411205 | 214112057 | 第二样本阅览室/ [索取号:S682.32/724] | 在馆 | |
| 2 | 1411206 | 214112066 | 第三借阅区/ [索取号:S682.32/724] | 在馆 | |
| 3 | 1411207 | 214112075 | 第三借阅区/ [索取号:S682.32/724] | 在馆 | |
| 4 | 1411208 | 214112084 | 第三借阅区/ [索取号:S682.32/724] | 在馆 | |
| 5 | 1411209 | 214112093 | 第三借阅区/ [索取号:S682.32/724] | 在馆 |